00383 2200157 4500001002100000005001700021020001800038035002500056082000800081100001600089245003300105250000600138260004500144300002700189990000900216INLIS00000000001168320150112161332.0 a979-655-259-7 a0010-011500000004456 a813 aEnid Blyton aKelas Empat Di Malory Towers a1 aJakartabPT Gramedia pustaka utamac1984 a256 hlm.; 18 cmc18 cm a303a